Statistics for Brazilian Beers

Click here to take the quiz!

General Stats

  • This quiz has been taken 44 times
  • The average score is 7 of 18

Answer Stats

Answer% Correct
Brahma
90%
Skol
88%
Antárctica
75%
Itaipava
55%
Schin
55%
Bohemia
45%
Devassa
33%
Kaiser
33%
Bavaria
30%
Original
30%
Caracu
23%
Eisenbahn
23%
Polar
20%
Proibida
20%
Crystal
18%
Serramalte
15%
Kronenbier
3%
Liber
3%

Score Distribution

Percentile by Number Answered

Percent of People with Each Score

Your Score History

You have not taken this quiz